000 01065nam0a22002891 4500
001 rc\4063067
005 20250611074840.0
021 _aRU
_b[50-10262]
035 _a(NLR Aleph) 008114222
090 _a9323539
_c9323539
100 _a20130415d1950 |||y0rusy50 ca
101 0 _arus
102 _aRU
105 _aa j |||||
200 1 _aРусский язык
_eУчебник для II класса школ с укр. яз. преподавания
205 _a3-е изд.
210 _aКиев
_cРад. школа
_d1950
_gКн. ф-ка им. Фрунзе в Харькове
215 _a152 с.
_cил.
_d23
300 _aПеред загл. авт.: Л. Мельничук, К. Долгова
606 _aРусский язык
_jУчебники и пособия
_2psbo
700 1 _aМельничук
_bЛ.И.
_gЛидия Иосифовна
701 1 _aДолгова
_bК.В.
_gКлавдия Васильевна
801 0 _aRU
_bNLR
_gpsbo
801 1 _aRU
_bELAR
_2rusmarc
852 _aNLR
_jЯ60 Г-5/1033
942 _cBOOK
980 _aNB